000
00329nam a22001457a 4500
020
_a
-
082
_a
004.22 SAE
100
_a
Dr. Saeed-ur-Rehman
245
_a
Real Time Embedded (Lecture# 22-25) DVD
260
_a
Islamabad
_b
CASE
_c
2007
300
_a
-
_b
-
_e
DVD
500
_a
Lecture
650
_a
Embedded System
942
_c
BK
999
_c
12900
_d
12900